ბათუმის შოთა რუსთაველის სახელმწიფო უნივერსიტეტის ბიბლიოთეკა

ჩანაწერი Corporate Name

ჩანაწერთა რაოდენობა, რომელიც გამოყენებულია: 1

001 - CONTROL NUMBER

  • control field: 25738

003 - CONTROL NUMBER IDENTIFIER

  • control field: GE_BSU

005 - DATE AND TIME OF LATEST TRANSACTION

  • control field: 20250801125552.0

008 - FIXED-LENGTH DATA ELEMENTS

  • fixed length control field: 250801|| aca||aabn | a|a d

040 ## - CATALOGING SOURCE

  • Original cataloging agency: GE_BSU
  • Transcribing agency: GE_BSU

110 ## - HEADING--CORPORATE NAME

  • Corporate name or jurisdiction name as entry element: საქართველოს მეცნიერებათა ეროვნული აკადემია.

670 ## - SOURCE DATA FOUND

  • Source citation: Work cat.: (GE_BSU)63310: ვადაჭკორია, შოთა, 25737, სამხრეთ ოსეთის" სტატუსის აღდგენა და ქართული პოლიტიკური აზრი 2004-2007 წლებში :